[Event "40th IND-chT Open 2020"]
[Site "Ahmedabad"]
[Date "2020.02.12"]
[Round "8.17"]
[White "Narayanan, Srinath"]
[Black "Samal Ansuman"]
[Result "1-0"]
[WhiteElo "2535"]
[BlackElo "1910"]
[Annotator "TA"]
[PlyCount "59"]
[EventDate "2020.02.05"]
[EventCountry "IND"]
[SourceTitle "playchess.com"]
[Source "ChessBase"]
[SourceQuality "1"]

{[%evp 15,59,-6,33,21,16,16,10,0,25,31,118,45,45,33,72,46,54,54,68,45,67,54,44,5,17,13,17,26,43,0,25,23,31,0,0,0,0,0,103,90,78,38,2668,2614,29986,1430]} 1. Nf3 Nf6 2. b3 g6 3. Bb2 Bg7 4. e3 O-O 5. c4 d6 6. d4 Nbd7 7. Be2 e5 8. dxe5 Ng4 9. Nc3 {E60: King's Indian: Unusual lines and Fianchetto Variation without Nc3.} Ngxe5 10. Nd4 Nc5 {[#]} 11. Qc2 $146 {The position is equal.} (11. O-O {seems wilder.} a5 12. Qc2 Bd7 13. Ba3 Re8 14. Rad1) ({Predecessor:} 11. O-O Re8 12. b4 Ncd7 13. Rc1 h5 14. h3 Nf8 15. Qd2 Ne6 16. Nxe6 Bxe6 17. Nd5 {1-0 (34) Tischbierek,R (2445)-Prusikin,M (2560) Germany 2006}) 11... Ne6 (11... Qg5 {feels hotter.} 12. g3 Qd8 13. h4 Re8 14. b4 Na6) 12. Nxe6 fxe6 {[#]} (12... Bxe6 $14 13. O-O Nd7) 13. O-O ({White should try} 13. h4 $1 $16) 13... Bd7 14. Rad1 Nc6 15. a3 Qe7 16. f4 Rae8 17. Bf3 a6 18. g3 Nd8 19. c5 d5 20. b4 c6 21. e4 $36 {[%mdl 2048] White fights for an advantage.} e5 22. fxe5 Rxf3 {[%mdl 64] Remove Defender} (22... Qxe5 23. Na4) 23. Rxf3 Bg4 24. Qf2 Bxf3 25. Qxf3 Rf8 26. Qd3 dxe4 (26... Nf7 $11) 27. Nxe4 $16 {And now Nf6+ would win.} Bxe5 28. Qc4+ Kh8 $2 {[%mdl 8192] [#]} (28... Qf7 $14 29. Qc1 Bxb2 30. Qxb2 Ne6) 29. Rd7 $1 $18 {[%mdl 512]} Qe8 {[#]} (29... Qxd7 30. Bxe5+) 30. Ng5 {Played: Rd7xd8} 1-0

[Event "40th IND-chT Open 2020"]
[Site "Ahmedabad"]
[Date "2020.02.12"]
[Round "8.18"]
[White "Pattnayak Nilsu"]
[Black "Satyapragyan, Swayangsu"]
[Result "1/2-1/2"]
[WhiteElo "1950"]
[BlackElo "2403"]
[Annotator "TA"]
[PlyCount "59"]
[EventDate "2020.02.05"]
[EventCountry "IND"]
[SourceTitle "playchess.com"]
[Source "ChessBase"]
[SourceQuality "1"]

{[%evp 15,59,-22,29,23,13,13,10,-8,39,36,89,29,65,31,60,56,45,49,61,53,50,51,56,4,23,36,40,40,6,0,30,23,45,0,0,1,10,0,62,83,124,35,6264,4981,29986,1625]} 1. Nf3 Nf6 2. b3 g6 3. Bb2 Bg7 4. e3 O-O 5. c4 d6 6. d4 Nbd7 7. Be2 e5 8. dxe5 Ng4 (8... dxe5 $142 9. Nc3 (9. Nxe5 $2 Ne4 $19) 9... e4) 9. Nc3 {E60: King's Indian: Unusual lines and Fianchetto Variation without Nc3.} Ngxe5 10. Nd4 Nc5 {[#]} 11. Qc2 $146 {The position is equal.} (11. O-O {looks sharper.} a5 12. Qd2 c6 13. Rad1 Re8 14. Ba3) ({Predecessor:} 11. O-O Re8 12. b4 Ncd7 13. Rc1 h5 14. h3 Nf8 15. Qd2 Ne6 16. Nxe6 Bxe6 17. Nd5 {1-0 (34) Tischbierek,R (2445)-Prusikin,M (2560) Germany 2006}) 11... Ne6 (11... Qg5 {seems wilder.} 12. g3 Qd8 13. h4 h5 14. b4 Ncd7) 12. Nxe6 fxe6 (12... Bxe6 $14 13. O-O Nd7) 13. O-O (13. h4 $16) 13... Bd7 14. Rad1 Nc6 15. a3 Qe7 16. f4 Rae8 17. Bf3 a6 18. g3 Nd8 19. c5 (19. Bg2 $14) 19... d5 20. b4 c6 21. e4 e5 22. fxe5 Rxf3 {[%mdl 64] Remove Defender} 23. Rxf3 Bg4 24. Qf2 Bxf3 25. Qxf3 Rf8 26. Qd3 dxe4 (26... Nf7 $11) 27. Nxe4 $14 {aiming for Nf6+.} Bxe5 28. Qc4+ ({White should try} 28. Bxe5 $16 Qxe5 29. Qc4+ Kh8 30. Qc3 Qxc3 31. Nxc3) 28... Kh8 $2 {[%mdl 8192] [#]} (28... Qf7 $14 29. Qc1 Bxb2 30. Qxb2 Ne6) 29. Rd7 $1 $18 {[%cal Rd7e7][%mdl 512]} Qe8 {[#]} (29... Qxd7 30. Bxe5+) 30. Rxd8 $1 {[%mdl 33280] Accuracy: White = 64%, Black = 49%. . An unexpected result.} 1/2-1/2

[Event "40th IND-chT Open 2020"]
[Site "Ahmedabad"]
[Date "2020.02.12"]
[Round "8.18"]
[White "Pattnayak Nilsu"]
[Black "Satyapragyan, Swayangsu"]
[Result "1-0"]
[WhiteElo "1950"]
[BlackElo "2403"]
[Annotator "TA"]
[PlyCount "59"]
[EventDate "2020.02.05"]
[EventCountry "IND"]
[SourceTitle "playchess.com"]
[Source "ChessBase"]
[SourceQuality "1"]

{[%evp 15,59,-20,23,19,19,0,15,-10,41,33,97,39,69,29,59,48,49,64,65,45,61,52,61,3,29,20,37,60,41,-8,23,26,24,0,0,0,0,0,102,113,115,24,2130,1980,29986,1558]} 1. Nf3 Nf6 2. b3 g6 3. Bb2 Bg7 4. e3 O-O 5. c4 d6 6. d4 Nbd7 7. Be2 e5 8. dxe5 Ng4 9. Nc3 {E60: King's Indian: Unusual lines and Fianchetto Variation without Nc3.} Ngxe5 10. Nd4 Nc5 {[#]} 11. Qc2 $146 {The position is equal.} ({Predecessor:} 11. O-O Re8 12. b4 Ncd7 13. Rc1 h5 14. h3 Nf8 15. Qd2 Ne6 16. Nxe6 Bxe6 17. Nd5 {1-0 (34) Tischbierek,R (2445)-Prusikin,M (2560) Germany 2006}) 11... Ne6 (11... Qg5 $11) 12. Nxe6 $14 fxe6 {[#]} (12... Bxe6 $14 13. O-O Nd7) 13. O-O (13. h4 $1 $16) 13... Bd7 14. Rad1 (14. f4 $5 {[%cal Rf4e5]} Nc6 15. Qd2 $11) 14... Nc6 15. a3 Qe7 16. f4 Rae8 17. Bf3 a6 18. g3 Nd8 19. c5 (19. b4 $14) 19... d5 20. b4 c6 21. e4 e5 22. fxe5 Rxf3 {[%mdl 64] Remove Defender} 23. Rxf3 Bg4 24. Qf2 Bxf3 25. Qxf3 Rf8 26. Qd3 dxe4 (26... Nf7 $11) 27. Nxe4 $16 {Nf6+ is the strong threat.} Bxe5 28. Qc4+ (28. Bxe5 $16 Qxe5 29. Qc4+ Kh8 30. Rd7) 28... Kh8 $2 {[%mdl 8192] [#]} (28... Qf7 $11 29. Qc1 Qf3 30. Bxe5 Qxe4) 29. Rd7 $1 $18 {[%mdl 512]} Qe8 {[#]} (29... Qxd7 30. Bxe5+) 30. Ng5 {Played: Rd7xd8} 1-0

[Event "40th IND-chT Open 2020"]
[Site "Ahmedabad"]
[Date "2020.02.12"]
[Round "8.19"]
[White "Swayams, Mishra"]
[Black "Das Susobhit"]
[Result "1-0"]
[WhiteElo "2485"]
[BlackElo "1846"]
[Annotator "TA"]
[PlyCount "53"]
[EventDate "2020.02.05"]
[EventCountry "IND"]
[SourceTitle "playchess.com"]
[Source "ChessBase"]
[SourceQuality "1"]

{[%evp 11,53,-11,0,-38,-22,-41,-32,-55,-46,-35,0,-4,38,35,38,0,0,-25,-14,-14,-11,-12,-20,-16,0,-33,0,0,0,0,0,-21,-27,-52,0,0,47,0,0,0,0,0,22,0]} 1. e4 c5 2. Nc3 Nc6 3. f4 g6 4. Nf3 Bg7 5. Bb5 Nd4 6. O-O a6 7. Bc4 {B23: Closed Sicilian: Lines without g3.} b5 8. Bd5 Ra7 {Threatens to win with ...e6.} 9. d3 {Black is slightly better.} e6 {[#] And now ...b4 would win.} 10. Bb3 $1 d6 (10... d5 {with more complications.} 11. exd5 exd5 12. Re1+ Kf8 13. Ne5 Ne7) 11. Nxd4 {[#]} cxd4 $146 ({Predecessor:} 11... Bxd4+ 12. Kh1 Ne7 13. Ne2 Bg7 14. a4 Qc7 15. c3 O-O 16. Qe1 Bd7 17. Ng3 Rb7 {0-1 (43) Fraser,R (1918)-Price,D (2035) ICCF email 2011}) 12. Ne2 {[%cal Bc3e2,Be2g3,Bg3h1,Bh1f2,Bf2g4][%mdl 32]} Ne7 13. Ng3 O-O 14. Bd2 a5 {[#] ...a4 is the strong threat.} 15. a4 b4 16. Qe2 d5 17. e5 Nc6 18. Nh1 f6 19. exf6 Qxf6 20. Nf2 Raf7 21. Ng4 Qd8 22. Rae1 Rf5 (22... h5 $15 23. Nf2 e5) 23. h3 Kh8 24. Rf2 R5f7 {The position is equal.} 25. Ref1 Qc7 26. Nh2 Bh6 {[%cal Rh6f4]} 27. Ng4 {[%mdl 32768] Accuracy: White = 73%, Black = 76%. . Loss on time!?} 1-0

[Event "40th IND-chT Open 2020"]
[Site "Ahmedabad"]
[Date "2020.02.12"]
[Round "8.20"]
[White "Ashutosh, Mohanty"]
[Black "Gokhale, Chandrashekhar"]
[Result "0-1"]
[WhiteElo "1725"]
[BlackElo "2158"]
[Annotator "TA"]
[PlyCount "52"]
[EventDate "2020.02.05"]
[EventCountry "IND"]
[SourceTitle "playchess.com"]
[Source "ChessBase"]
[SourceQuality "1"]

{[%evp 9,51,71,74,-14,8,2,16,6,20,11,27,13,16,0,13,13,13,14,15,10,15,0,0,0,0,0,4,-12,-10,-189,-193,-192,-186,-355,-340,-344,503,488,565,520,469,346,362,-29999]} 1. d4 d6 2. Nf3 Bg4 3. e3 Nd7 4. Be2 e5 5. dxe5 dxe5 {[#]} 6. b3 {A41: 1 d4 d6: Tartakower System and Modern Defence.} ({Better is} 6. Nxe5 $1 $16 {[%mdl 512]} Nxe5 7. Bxg4) 6... Bb4+ 7. c3 Be7 8. Bb2 {The position is equal.} c6 9. O-O Ngf6 10. c4 Qc7 {[#]} 11. Nc3 $146 ({Predecessor:} 11. Qc2 O-O 12. Nc3 Rfe8 13. Rad1 Bf8 14. Rd2 a5 15. a3 Nc5 16. Rdd1 Bh5 17. Nd2 Bg6 18. e4 {0-1 (57) Pilat,F (1944)-Frombach,R (2224) Dortmund 2010}) 11... O-O 12. h3 Bxf3 13. Bxf3 Nc5 14. Qc2 a5 15. Ne4 Nfxe4 16. Bxe4 g6 17. Bf3 f5 18. Ba3 e4 19. Bxc5 $2 (19. Be2 $11 {and White stays safe.}) 19... Bxc5 $19 20. Be2 {[#]} f4 $1 $36 {[%mdl 2048] Black has strong initiative.} 21. Qxe4 $2 (21. exf4 {is the only way for White.} Qxf4 22. Kh1) 21... Rfe8 22. Qc2 Rxe3 $4 {[%mdl 8192]} (22... fxe3 $19 {and all is fine.} 23. f4 Rad8) 23. fxe3 $18 fxe3 24. Kh1 Qe5 25. Bf3 Bd6 {[%csl Gd6][%cal Re5h2]} 26. Kg1 $4 {[%mdl 8192]} (26. g4 $18) 26... Qh2# {Accuracy: White = 58%, Black = 82%.} 0-1

[Event "40th IND-chT Open 2020"]
[Site "Ahmedabad"]
[Date "2020.02.12"]
[Round "8.21"]
[White "Anadkat Kartavya"]
[Black "Chauhan, Joy"]
[Result "1-0"]
[WhiteElo "2152"]
[BlackElo "1864"]
[Annotator "ChessBase"]
[PlyCount "155"]
[EventDate "2020.02.05"]
[EventCountry "IND"]
[SourceTitle "playchess.com"]
[Source "ChessBase"]
[SourceQuality "1"]
[TimeControl "5400+30"]

1. e4 {[%emt 1:30:30]} d6 {[%emt 1:30:30]} 2. d4 {[%emt 0:00:30]} g6 {[%emt 0:00:30]} 3. Nc3 {[%emt 0:00:30]} Bg7 {[%emt 0:00:30]} 4. h4 {[%emt 0:00:30]} Nf6 {[%emt 0:00:30]} 5. f3 {[%emt 0:00:30]} a6 {[%emt 0:00:30]} 6. Be3 {[%emt 0:00:30]} b5 {[%emt 0:00:30]} 7. Bd3 {[%emt 0:00:30]} Nbd7 {[%emt 0:00:30]} 8. g4 {[%emt 0:00:30]} h6 {[%emt 0:00:30]} 9. h5 {[%emt 0:00:30]} g5 {[%emt 0:00:30]} 10. Nge2 {[%emt 0:00:30]} c5 {[%emt 0:00:30]} 11. e5 {[%emt 0:00:30]} dxe5 {[%emt 0:00:30]} 12. dxc5 {[%emt 0:00:30]} Bb7 {[%emt 0:00:30]} 13. Ng3 {[%emt 0:00:30]} Qc7 {[%emt 0:00:30]} 14. Nce4 {[%emt 0:00:30]} Rd8 {[%emt 0:00:30]} 15. Qe2 {[%emt 0:00:30]} Bxe4 {[%emt 0:00:30]} 16. Nxe4 {[%emt 0:00:30]} Nxe4 {[%emt 0:00:30]} 17. Bxe4 {[%emt 0:00:30]} Nxc5 {[%emt 0:00:30]} 18. Bxc5 {[%emt 0:00:30]} Qxc5 {[%emt 0:00:30]} 19. Qf2 {[%emt 0:00:30]} Qxf2+ {[%emt 0:00:30]} 20. Kxf2 {[%emt 0:00:30]} e6 {[%emt 0:00:30]} 21. Rhd1 {[%emt 0:00:30]} Ke7 {[%emt 0:00:30]} 22. Ke2 {[%emt 0:00:30]} Rxd1 {[%emt 0:00:30]} 23. Rxd1 Rc8 {[%emt 0:00:30]} 24. c3 {[%emt 0:01:00]} Rc7 {[%emt 0:00:30]} 25. Ra1 {[%emt 0:00:30]} Rc4 {[%emt 0:00:30]} 26. Kd3 {[%emt 0:00:30]} f5 {[%emt 0:00:30]} 27. gxf5 {[%emt 0:00:30]} exf5 {[%emt 0:00:30]} 28. Bxf5 {[%emt 0:00:30]} Rf4 {[%emt 0:00:30]} 29. Be4 {[%emt 0:00:30]} Rh4 {[%emt 0:00:30]} 30. a4 {[%emt 0:00:30]} bxa4 {[%emt 0:00:30]} 31. Rxa4 {[%emt 0:00:30]} Rxh5 {[%emt 0:00:30]} 32. Rxa6 {[%emt 0:00:30]} Rh3 {[%emt 0:00:30]} 33. Rg6 {[%emt 0:00:30]} Kf7 {[%emt 0:00:30]} 34. Ke3 {[%emt 0:00:30]} h5 {[%emt 0:00:30]} 35. b4 {[%emt 0:00:30]} g4 {[%emt 0:00:30]} 36. Ra6 {[%emt 0:00:30]} gxf3 {[%emt 0:00:30]} 37. Ra7+ {[%emt 0:00:30]} Kf8 {[%emt 0:00:30]} 38. Bxf3 {[%emt 0:00:30]} e4 {[%emt 0:00:30]} 39. Kxe4 {[%emt 0:00:30]} Bxc3 {[%emt 0:00:30]} 40. b5 {[%emt 0:00:30]} Rh4+ {[%emt 0:00:30]} 41. Kd3 Be5 {[%emt 0:00:30]} 42. Be4 {[%emt 0:01:00]} Rh2 {[%emt 0:00:30]} 43. Kc4 {[%emt 0:00:30]} Rd2 {[%emt 0:00:30]} 44. Bd3 {[%emt 0:00:30]} h4 {[%emt 0:00:30]} 45. Rh7 {[%emt 0:00:30]} Bg3 {[%emt 0:00:30]} 46. b6 {[%emt 0:00:30]} Rb2 {[%emt 0:00:30]} 47. b7 {[%emt 0:00:30]} Kg8 {[%emt 0:00:30]} 48. Be4 {[%emt 0:00:30]} Re2 {[%emt 0:00:30]} 49. Rxh4 {[%emt 0:00:30]} Kf7 {[%emt 0:00:30]} 50. Rh7+ {[%emt 0:00:30]} Kf6 {[%emt 0:00:30]} 51. Bd3 {[%emt 0:00:30]} Rh2 {[%emt 0:00:30]} 52. Rd7 {[%emt 0:00:30]} Rh8 {[%emt 0:00:30]} 53. Kb5 {[%emt 0:00:30]} Ke6 {[%emt 0:00:30]} 54. Rg7 {[%emt 0:00:30]} Be5 {[%emt 0:00:30]} 55. Bc4+ {[%emt 0:00:30]} Kf6 {[%emt 0:00:30]} 56. Rf7+ {[%emt 0:00:30]} Kg6 {[%emt 0:00:30]} 57. Rf3 {[%emt 0:00:30]} Rh2 {[%emt 0:00:30]} 58. Ra3 {[%emt 0:00:30]} Rb2+ {[%emt 0:00:30]} 59. Kc6 {[%emt 0:00:30]} Kf6 {[%emt 0:00:30]} 60. Ra8 {[%emt 0:00:30]} Rb1 {[%emt 0:00:30]} 61. Re8 {[%emt 0:00:30]} Bh2 {[%emt 0:00:30]} 62. Rh8 {[%emt 0:00:30]} Bg3 {[%emt 0:00:30]} 63. Bb5 {[%emt 0:00:30]} Rc1+ {[%emt 0:00:30]} 64. Kd5 {[%emt 0:00:30]} Rd1+ {[%emt 0:00:30]} 65. Kc4 {[%emt 0:00:30]} Rc1+ {[%emt 0:00:30]} 66. Kd3 {[%emt 0:00:30]} Rb1 {[%emt 0:00:30]} 67. b8=Q {[%emt 0:00:30]} Bxb8 {[%emt 0:00:30]} 68. Rxb8 {[%emt 0:00:30]} Kg7 {[%emt 0:00:30]} 69. Kd4 {[%emt 0:00:30]} Kf6 {[%emt 0:00:30]} 70. Rb6+ {[%emt 0:00:30]} Kg7 {[%emt 0:00:30]} 71. Kc5 {[%emt 0:00:30]} Rd1 {[%emt 0:00:30]} 72. Bc4 {[%emt 0:00:30]} Rd2 {[%emt 0:00:30]} 73. Bd5 {[%emt 0:00:30]} Rh2 {[%emt 0:00:30]} 74. Kd6 {[%emt 0:00:30]} Rh6+ {[%emt 0:00:30]} 75. Be6 {[%emt 0:00:30]} Rh2 {[%emt 0:00:30]} 76. Rb8 {[%emt 0:00:30]} Re2 {[%emt 0:00:30]} 77. Ke7 {[%emt 0:00:30]} Kh7 {[%emt 0:00:30]} 78. Kf6 {[%emt 0:00:30]} 1-0

[Event "40th IND-chT Open 2020"]
[Site "Ahmedabad"]
[Date "2020.02.12"]
[Round "8.22"]
[White "Jay Kundaliya"]
[Black "Bhatt, Jalpan"]
[Result "0-1"]
[WhiteElo "2071"]
[BlackElo "1983"]
[Annotator "NA"]
[PlyCount "94"]
[EventDate "2020.02.05"]
[EventCountry "IND"]
[SourceTitle "playchess.com"]
[Source "ChessBase"]
[SourceQuality "1"]
[TimeControl "5400+30"]

{[%evp 8,94,37,15,6,0,4,4,-14,-5,10,0,10,0,5,7,0,-26,-22,-8,-9,-40,-29,-41,37,23,25,30,22,35,40,22,8,24,51,0,0,-266,-260,-600,-426,-407,-384,-828,-869,-6420,-771,-29987,0,-29964,-535,-470,-528,-517,32767,32767,32767,32767,-656,-589,-600,-805,-879,-802,-872,-871,-879,-918,-994,32767,-955,32767,-1140,-1073,-1339,-1318,-1186,-1235,-1879,-1566,-1939,-1721,-2295,-1936,-2787,-3347,-3216,-3814,-29986]} 1. e4 {[%emt 0:00:36]} c5 {[%emt 0:00:00]} 2. Nf3 {[%emt 0:00:18]} Nc6 {[%emt 0:00:00]} 3. d4 {[%emt 0:00:08]} cxd4 {[%emt 0:00:00]} 4. Nxd4 {[%emt 0:00:06]} g6 {[%emt 0:00:00]} 5. Nc3 {[%emt 0:00:24]} Bg7 {[%emt 0:00:00]} 6. Be3 {[%emt 0:00:10]} Nf6 {[%emt 0:00:00]} 7. Nxc6 {[%emt 0:03:20]} bxc6 {[%emt 0:00:00]} 8. e5 {[%emt 0:00:11]} Ng8 {[%emt 0:00:00]} 9. f4 {[%emt 0:00:23]} Nh6 {[%emt 0:00:14]} 10. Qd2 {[%emt 0:00:41]} O-O {[%emt 0:01:27] B34: Sicilian: Accelerated Dragon with 5 Nc3: sidelines.} 11. O-O-O {[%emt 0:01:19]} d6 {[%emt 0:08:54]} 12. h3 {[%emt 0:03:27]} Nf5 {[%emt 0:01:47]} 13. Bf2 {[%emt 0:00:06]} c5 {[%emt 0:00:53]} 14. Bc4 {[%emt 0:10:19]} Bb7 {[%emt 0:07:16]} 15. Bd5 {[%emt 0:00:35] [#]} Qc7 $146 {[%emt 0:15:52]} (15... Rb8 $15) ({Predecessor:} 15... Qb6 16. g4 Nd4 17. Bxd4 cxd4 18. Qxd4 Qa6 19. Qa4 Qb6 20. Qb3 Qe3+ 21. Kb1 Rab8 22. Bxb7 dxe5 {1-0 (41) Carnicelli,V (2307)-Debray,C (2368) Cutro 2018}) 16. g4 {[%emt 0:25:58]} Nd4 $1 {[%emt 0:00:34]} 17. Bxb7 $1 {[%emt 0:20:27]} Qxb7 {[%emt 0:00:15]} 18. Bxd4 {[%emt 0:00:16]} cxd4 {[%emt 0:00:02]} 19. Qxd4 {[%emt 0:00:02]} dxe5 {[%emt 0:00:12]} 20. fxe5 {[%emt 0:00:12]} Rab8 {[%emt 0:00:57]} 21. Na4 {[%emt 0:02:57]} (21. b3 $14) 21... Rfc8 {[%emt 0:04:55]} 22. Rh2 $2 {[%emt 0:07:15]} (22. Rhe1 $1 $11) 22... Qb5 {[%emt 0:01:07]} 23. Qd7 $2 {[%emt 0:18:24]} (23. b3 Bxe5 {[%mdl 64] Double Attack} 24. Qd2) 23... Qxe5 {[%emt 0:06:32]} 24. Rf2 {[%emt 0:01:29]} Qe3+ {[%emt 0:08:38]} 25. Rfd2 $2 {[%emt 0:00:02]} (25. Qd2 Bh6 26. Qxe3 Bxe3+ 27. Rdd2) 25... Rd8 {[%emt 0:03:56]} 26. Qc7 {[%emt 0:00:01]} Rbc8 {[%emt 0:00:29]} 27. Qb7 {[%emt 0:00:15]} Rb8 $2 {[%emt 0:01:26]} (27... Rxd2 {mates} 28. Qxc8+ Rd8+ {[%mdl 64] Discovered Attack} 29. Kb1 Rxc8 30. a3 Qe4 31. Rd3 Qxa4 32. Rb3 Qc4 33. Ka1 Qxc2 34. Ka2 {[#]} Qc4 $1 {[%mdl 512]} 35. g5 Rb8 36. Kb1 Qxb3 37. Kc1 Rd8 38. h4 Qxb2#) 28. Qc7 $1 {[%emt 0:00:01]} Be5 {[%emt 0:01:20]} (28... Rxd2 $142 29. Qxb8+ Rd8+ {[%mdl 64] Discovered Attack} 30. Kb1 Rxb8 31. h4 {[#]} Qe4 $1 {[%mdl 512]} 32. Kc1 Qf4+ 33. Kb1 Qxa4 34. b3 Qa3 35. c3 Rxb3+ $1 {[%mdl 512]} 36. Kc2 Rxc3+ 37. Kd2 Rc2+ $1 {[%mdl 576] Decoy, Clearance} 38. Kxc2 Qc3+ 39. Kb1 Qb2#) 29. Qxe5 {[%emt 0:00:45]} Qxe5 {[%emt 0:01:08]} 30. Rxd8+ {[%emt 0:00:02]} Rxd8 {[%emt 0:00:09]} 31. Rxd8+ {[%emt 0:00:03]} Kg7 {[%emt 0:00:03]} 32. b3 {[%emt 0:00:06]} Qe3+ {[%emt 0:01:30]} 33. Kb2 {[%emt 0:00:52]} Qxh3 {[%emt 0:00:02]} 34. c4 {[%emt 0:00:13]} Qxg4 {[%emt 0:00:31]} 35. c5 {[%emt 0:00:05]} h5 {[%emt 0:00:19]} 36. Rd2 {[%emt 0:03:04]} Qc8 {[%emt 0:00:48]} 37. b4 {[%emt 0:00:30]} Qb7 {[%emt 0:01:26]} 38. Kb3 {[%emt 0:00:56]} h4 {[%emt 0:00:47]} 39. Nc3 {[%emt 0:01:51]} h3 {[%emt 0:04:51]} 40. b5 {[%emt 0:00:09]} Qc7 {[%emt 0:01:04]} 41. c6 {[%emt 0:01:36]} h2 {[%emt 0:00:01]} 42. Rd1 {[%emt 0:00:50]} e6 {[%emt 0:03:36]} 43. a4 {[%emt 0:00:23]} g5 {[%emt 0:01:09]} 44. Ne4 {[%emt 0:00:42]} g4 {[%emt 0:04:20]} 45. Nd6 {[%emt 0:00:25]} Kf8 {[%emt 0:06:21]} 46. Kb4 {[%emt 0:00:33]} Ke7 $19 {[%emt 0:01:17]} 47. Nc4 {[%emt 0:00:25]} g3 {[%emt 0:00:24]} 0-1

[Event "40th IND-chT Open 2020"]
[Site "Ahmedabad"]
[Date "2020.02.12"]
[Round "8.23"]
[White "Trivedi Karan R"]
[Black "Patel, Palak"]
[Result "1-0"]
[WhiteElo "1956"]
[BlackElo "1830"]
[Annotator "NA"]
[PlyCount "145"]
[EventDate "2020.02.05"]
[EventCountry "IND"]
[SourceTitle "playchess.com"]
[Source "ChessBase"]
[SourceQuality "1"]
[TimeControl "5400+30"]

1. d4 {[%emt 0:00:08]} Nf6 {[%emt 0:00:40]} 2. Nf3 {[%emt 0:00:17]} d5 {[%emt 0:00:33]} 3. c3 {[%emt 0:00:16]} e6 {[%emt 0:00:18]} 4. Bf4 {[%emt 0:00:18]} c5 {[%emt 0:01:44]} 5. e3 {[%emt 0:00:08]} Nc6 {[%emt 0:00:09]} 6. Nbd2 {[%emt 0:00:43]} cxd4 {[%emt 0:00:07]} 7. exd4 {[%emt 0:00:08]} Bd6 {[%emt 0:00:20]} 8. Bg3 {[%emt 0:00:21]} a6 {[%emt 0:00:31]} 9. Bd3 {[%emt 0:00:20]} b5 {[%emt 0:00:58]} 10. b4 {[%emt 0:02:05]} Bb7 {[%emt 0:00:55]} 11. a4 {[%emt 0:00:34]} bxa4 {[%emt 0:02:15]} 12. Qxa4 {[%emt 0:01:17]} O-O {[%emt 0:00:05]} 13. O-O {[%emt 0:00:45]} Bxg3 {[%emt 0:00:11]} 14. hxg3 {[%emt 0:00:09]} Qd6 {[%emt 0:00:28]} 15. Rfe1 {[%emt 0:02:27]} Nd7 {[%emt 0:00:13]} 16. Qc2 {[%emt 0:01:56]} h6 {[%emt 0:00:37]} 17. Nb3 {[%emt 0:00:40]} e5 {[%emt 0:00:20]} 18. dxe5 {[%emt 0:01:16]} Ncxe5 {[%emt 0:00:53]} 19. Nxe5 {[%emt 0:00:12]} Nxe5 {[%emt 0:00:05]} 20. Nc5 {[%emt 0:00:18]} Bc8 {[%emt 0:01:08]} 21. Qe2 {[%emt 0:01:19]} Nxd3 {[%emt 0:00:29]} 22. Qxd3 {[%emt 0:01:03]} a5 {[%emt 0:00:48]} 23. Qd4 {[%emt 0:01:12]} Be6 {[%emt 0:01:18]} 24. Rxa5 {[%emt 0:04:04]} Rxa5 {[%emt 0:00:44]} 25. Nb7 {[%emt 0:00:26]} Qa6 {[%emt 0:04:09]} 26. Nxa5 {[%emt 0:00:29]} Rc8 {[%emt 0:00:23]} 27. Re3 {[%emt 0:04:43]} Qb5 {[%emt 0:00:50]} 28. Nb3 {[%emt 0:02:28]} Ra8 {[%emt 0:07:30]} 29. Re1 {[%emt 0:00:39]} Ra3 {[%emt 0:03:08]} 30. Nc5 {[%emt 0:01:16]} Qc6 {[%emt 0:01:12]} 31. Qe5 {[%emt 0:03:49]} Kh8 {[%emt 0:03:48]} 32. Rd1 {[%emt 0:04:48]} Kg8 {[%emt 0:05:05]} 33. Qd4 {[%emt 0:05:32]} Qb5 {[%emt 0:03:26]} 34. Re1 {[%emt 0:02:18]} Qc6 {[%emt 0:00:15]} 35. Rc1 {[%emt 0:00:50]} Qb5 {[%emt 0:00:17]} 36. Qe3 {[%emt 0:01:31]} Qc6 {[%emt 0:01:32]} 37. Qe5 {[%emt 0:00:53]} Kh8 {[%emt 0:01:39]} 38. Nd3 {[%emt 0:03:44]} Rb3 {[%emt 0:07:19]} 39. Qd4 {[%emt 0:00:33]} Kg8 {[%emt 0:03:15]} 40. Ne5 {[%emt 0:11:07]} Qa6 {[%emt 0:00:24]} 41. Qe3 {[%emt 0:07:16]} Qa3 {[%emt 0:00:48]} 42. Nf3 {[%emt 0:00:42]} Qa6 {[%emt 0:03:28]} 43. Nd4 {[%emt 0:00:17]} Ra3 {[%emt 0:00:18]} 44. g4 {[%emt 0:05:48]} Qc8 {[%emt 0:07:10]} 45. b5 {[%emt 0:15:41]} Qc5 {[%emt 0:00:34]} 46. Qd2 {[%emt 0:06:59]} Bd7 {[%emt 0:03:48]} 47. Qb2 {[%emt 0:00:22]} Ra7 {[%emt 0:00:40]} 48. b6 {[%emt 0:03:07]} Rb7 {[%emt 0:00:23]} 49. Rb1 {[%emt 0:00:01]} Kf8 {[%emt 0:03:37]} 50. Qb4 {[%emt 0:01:03]} Qxb4 {[%emt 0:00:09]} 51. Rxb4 {[%emt 0:00:02]} Ke7 {[%emt 0:00:08]} 52. Nb3 {[%emt 0:00:31]} Kd6 {[%emt 0:00:31]} 53. f3 {[%emt 0:00:34]} Rb8 {[%emt 0:01:23]} 54. Kf2 {[%emt 0:00:29]} Bc8 {[%emt 0:00:20]} 55. Ke3 {[%emt 0:00:21]} Kc6 {[%emt 0:00:47]} 56. Na5+ {[%emt 0:00:38]} Kc5 {[%emt 0:00:36]} 57. Kf4 {[%emt 0:00:48]} f6 {[%emt 0:00:30]} 58. Kg3 {[%emt 0:02:30]} g5 {[%emt 0:01:18]} 59. b7 {[%emt 0:01:00]} Bd7 {[%emt 0:00:11]} 60. Kf2 {[%emt 0:01:42]} f5 {[%emt 0:02:09]} 61. gxf5 {[%emt 0:00:24]} Bxf5 {[%emt 0:00:31]} 62. Nb3+ {[%emt 0:00:12]} Kd6 {[%emt 0:00:43]} 63. Rb6+ {[%emt 0:00:17]} Kc7 {[%emt 0:00:10]} 64. Rxh6 {[%emt 0:00:16]} Rxb7 {[%emt 0:00:08]} 65. Nd4 {[%emt 0:00:11]} Rb2+ {[%emt 0:00:49]} 66. Ke3 {[%emt 0:00:54]} Bd7 {[%emt 0:01:52]} 67. g4 {[%emt 0:00:05]} Rg2 {[%emt 0:00:47]} 68. Rg6 {[%emt 0:00:08]} Bxg4 {[%emt 0:01:12]} 69. fxg4 {[%emt 0:01:22]} Rxg4 {[%emt 0:00:22]} 70. Rxg5 {[%emt 0:00:09]} Re4+ {[%emt 0:00:07]} 71. Kd3 {[%emt 0:00:04]} Kd6 {[%emt 0:00:22]} 72. c4 {[%emt 0:00:45]} Re5 {[%emt 0:03:12]} 73. c5+ {[%emt 0:00:14]} 1-0